| Tag |
First Indicator |
Second Indicator |
Subfields |
| LEADER |
00000pam a2200000 a 4500 |
| 001 |
in00000433021 |
| 005 |
20151012064314.0 |
| 008 |
860709s1986 mdua b 00110 eng |
| 010 |
|
|
|a 86018021
|
| 020 |
|
|
|a 0870215582 :
|c $21.95
|
| 035 |
|
|
|a (OCoLC)13946513
|
| 035 |
|
|
|9 ABW1618AM
|
| 040 |
|
|
|a DLC
|c DLC
|d TXA
|d UtOrBLW
|
| 049 |
|
|
|a TXAM
|c [A09852087]
|a TXAS [mil]
|c 2
|
| 050 |
0 |
0 |
|a V167
|b .H84 1986
|
| 082 |
0 |
|
|a 359.4/2/09
|2 19
|
| 100 |
1 |
|
|a Hughes, Wayne P.,
|d 1930-
|
| 245 |
1 |
0 |
|a Fleet tactics :
|b theory and practice /
|c by Wayne P. Hughes, Jr.
|
| 264 |
|
1 |
|a Annapolis, Md. :
|b Naval Institute Press,
|c [1986]
|
| 264 |
|
4 |
|c ©1986
|
| 300 |
|
|
|a xvi, 316 pages :
|b illustrations ;
|c 24 cm.
|
| 336 |
|
|
|a text
|b txt
|2 rdacontent
|
| 337 |
|
|
|a unmediated
|b n
|2 rdamedia
|
| 338 |
|
|
|a volume
|b nc
|2 rdacarrier
|
| 500 |
|
|
|a Includes index.
|
| 504 |
|
|
|a Bibliography: pages [298]-305.
|
| 650 |
|
0 |
|a Naval tactics
|x History.
|
| 999 |
|
|
|a MARS
|
| 999 |
f |
f |
|s 54acf414-68e8-35cc-b728-408bea57c490
|i 98bb9b54-a1d9-3ca2-886b-5ef6c2f16c69
|t 0
|
| 952 |
f |
f |
|p ric
|a Texas A&M University
|b Rellis Campus
|c Joint Library Facility
|d Remote Storage
|t 0
|e V167 .H84 1986
|h Library of Congress classification
|i unmediated -- volume
|m A14809852087
|
| 952 |
f |
f |
|p noncirc
|a Texas A&M University
|b College Station
|c Cushing Memorial Library & Archives
|d Cushing: Ragan Military (Does not check out)
|t 0
|e V167 .H84 1986
|h Library of Congress classification
|i unmediated -- volume
|
| 998 |
f |
f |
|a V167 .H84 1986
|t 0
|l Remote Storage
|
| 998 |
f |
f |
|a V167 .H84 1986
|t 0
|l Cushing: Ragan Military (Does not check out)
|